Puppets

Bibliographic Details
Main Author: Wright, Lyndie
Format: Book
Published: London : Franklin Watts , 1988
Series:Fresh Start
Subjects:

MARC

LEADER 00000cam a2200000 7i4500
001 0000005530
002 000005979
005 20060207.0
020 |a 0863137431 
090 0 0 |a 745.5   |b WRI 
100 1 |a Wright, Lyndie 
245 1 0 |a Puppets   |c Lyndie Wright 
260 |a London :   |b Franklin Watts ,   |c 1988 
300 |a 48p ;   |c 25 cm. 
490 0 |a Fresh Start 
650 0 0 |a Puppet making   |x Juvenile literature 
999 |a 027164   |b BUKU   |c JUNIOR BOOKS   |e PERPUSTAKAAN KOMUNITI PETALING JAYA